000 00629nam a2200253Ia 4500
003 OSt
005 20221005052605.0
006 a|||||r|||| 00| 0
007 ta
008 221004b |||||||| |||| 00| 0 eng d
020 _a0261669346
024 _a28150
037 _cTextual
040 _aCRL
_cCRL
_beng
041 _2eng
_aeng
082 _aR6, N6
100 _aHiriyanna M.
245 0 _aEssentials of Indian philosophy
260 _aLondon
_bDimond Books
_c1999
300 _a216p.
_ccm.
650 _aINDIAN PHILOSOPHY
942 _hR6, N6
_cTEXL
_2cc
999 _c960630
_d960630